Dimensions from drawings of work to be executed in the restoration of the Church of St James, East Hill, Colchester (Record no. 114891)

MARC details
000 -LEADER
fixed length control field 00674ctm a22001935a 4500
001 - CONTROL NUMBER
control field L157644
008 - FIXED-LENGTH DATA ELEMENTS--GENERAL INFORMATION
fixed length control field 130220s1870 xxk f 000 0 eng d
035 ## - SYSTEM CONTROL NUMBER
System control number (Sirsi) u157644
041 0# - LANGUAGE CODE
Language code of text/sound track or separate title eng
100 1# - MAIN ENTRY--PERSONAL NAME
Personal name Teulon, Samuel Sanders
Dates associated with a name 1812-1873
245 00 - TITLE STATEMENT
Title Dimensions from drawings of work to be executed in the restoration of the Church of St James, East Hill, Colchester
Medium [manuscript]
260 ## - PUBLICATION, DISTRIBUTION, ETC.
Date of publication, distribution, etc. c. 1870
300 ## - PHYSICAL DESCRIPTION
Extent 1v.
Other physical details manuscript
Dimensions 34cm.
520 ## - SUMMARY, ETC.
Summary, etc. Relates to works carried out at St James Church, Colchester in 1870-71.
583 ## - ACTION NOTE
Action Condition reviewed
Time/date of action 20120620
Status condition level 4
651 #4 - SUBJECT ADDED ENTRY--GEOGRAPHIC NAME
Geographic name Essex
690 ## - LOCAL SUBJECT ADDED ENTRY--TOPICAL TERM (OCLC, RLIN)
Topical term or geographic name as entry element Design and specification
942 ## - ADDED ENTRY ELEMENTS (KOHA)
Suppress in OPAC 0
Holdings
Withdrawn status Lost status Source of classification or shelving scheme Damaged status Not for loan Home library Current library Shelving location Date acquired Total Checkouts Full call number Barcode Date last seen Copy number Price effective from Koha item type
    Dewey Decimal Classification     Historic collection Historic collection Historic collection 20/02/2013   FOLIO 1870 TEULON 30078117 06/08/2019 1 06/08/2019 Book